Evaluación inicial de riesgos laborales por puestos de trabajo en los edificios 27, 28, 29 y 32 del recinto Universitario Pedro Arauz Palacios

Presenta la evaluación de riesgos laborales por puestos de trabajo en los edificios 27, 28, 29 y 32 del recinto Universitario Pedro Arauz Palacios en el cual se identificaron los peligros en las áreas, la estimación de los riesgos encontrados y la elaboración de una matriz de riesgo correspondie...

Full description

Bibliographic Details
Main Authors: Morales Paladino, Lilliam, Medrano Chávez, María Natalia
Other Authors: Tutor: Vílchez Torrez, Marcos Luis
Format: Tesis Section = Libro
Language:Undetermined
Spanish
Published: Managua UNI 2017
Subjects:
LEADER 01209nam a2200265Ia 4500
008 240830s9999 xx 000 0 und d
040 |a BIBLIOTECA-RUPAP Mon 363.11 M828e 
041 |a spa 
082 |a Mon 363.11 M828e 
100 1 |a Morales Paladino, Lilliam 
100 1 |b  Medrano Chávez, María Natalia 
245 1 0 |a Evaluación inicial de riesgos laborales por puestos de trabajo en los edificios 27, 28, 29 y 32 del recinto Universitario Pedro Arauz Palacios 
260 |a Managua  |b UNI  |c 2017 
300 |a 438 p. :il. 
500 |a Contiene anexos y CD 
502 |a Tesis (Ingeniero Industrial)- UNI, 2017. 
520 3 |a Presenta la evaluación de riesgos laborales por puestos de trabajo en los edificios 27, 28, 29 y 32 del recinto Universitario Pedro Arauz Palacios en el cual se identificaron los peligros en las áreas, la estimación de los riesgos encontrados y la elaboración de una matriz de riesgo correspondiente a cada área. 
650 7 |a RIESGOS LABORALES 
650 7 |b SEGURIDAD E HIGIENE 
650 7 |c SALUD OCUPACIONAL 
650 7 |d PREVENCION DE RIEGOS OCUPACIONALES 
700 1 |a Tutor:  |b Vílchez Torrez, Marcos Luis 
942 |c BK  |2 ddc 
991 |a TESIS 
999 |c 15477